[Event "Morshyn All Ukranian 1st"]
[Site "Morshyn"]
[Date "2023.07.08"]
[Round "8"]
[White "Hulka, Valentyn"]
[Black "Tyshnyk, Roman"]
[Result "0-1"]
[WhiteElo "2257"]
[BlackElo "1761"]
[PlyCount "122"]
[EventDate "2023.07.08"]
[EventType "swiss (rapid)"]
[EventRounds "9"]
[EventCountry "UKR"]
[SourceTitle "CBM 215 Extra"]
[Source "ChessBase"]
[SourceDate "2023.09.30"]
[SourceVersion "1"]
[SourceVersionDate "2023.09.30"]
[SourceQuality "1"]

1. e4 e5 2. Nf3 Nc6 3. Bc4 Nf6 4. d3 Bc5 5. 0-0 a6 6. c3 d6 7. a4 Ba7 8. b4 h6 9. Bb3 0-0 10. h3 Re8 11. Re1 Be6 12. Bxe6 Rxe6 13. b5 axb5 14. axb5 Bxf2+ 15. Kxf2 Rxa1 16. Bb2 Ra2 17. Qb3 Rxb2+ 18. Qxb2 Ne7 19. c4 Nh5 20. Nc3 Nf4 21. Qc2 c6 22. Ra1 d5 23. bxc6 bxc6 24. cxd5 cxd5 25. exd5 Rg6 26. Nh4 Nexd5 27. Nxg6 Qb6+ 28. Kg3 Qxg6+ 29. Kh2 Nxc3 30. Ra8+ Kh7 31. Qf2 Nd1 32. Qf3 Qxd3 33. Qb7 Ne2 34. Qf3 Qxf3 35. gxf3 Ne3 36. Ra4 Nd5 37. Kg2 Nd4 38. Kg3 Nf4 39. Ra5 f6 40. Ra7 Kg6 41. Rb7 Kf5 42. Ra7 g6 43. Rh7 h5 44. h4 Nd3 45. Rd7 Ne1 46. Rd8 Nexf3 47. Ra8 e4 48. Ra5+ Ne5 49. Ra4 Ne2+ 50. Kf2 Nf4 51. Kg3 Nfd3 52. Ra1 e3 53. Ra2 Nc1 54. Ra1 Ned3 55. Ra5+ Ke4 56. Ra4+ Kd5 57. Ra5+ Kc4 58. Ra4+ Kc3 59. Re4 e2 60. Kf3 e1Q 61. Rc4+ Kxc4 0-1

[Event "Kiev Spring op"]
[Site "Kiev"]
[Date "2023.03.29"]
[Round "7"]
[White "Diachek, Andriy"]
[Black "Tyshnyk, Roman"]
[Result "1-0"]
[WhiteElo "1950"]
[BlackElo "1718"]
[PlyCount "83"]
[EventDate "2023.03.25"]
[EventType "swiss"]
[EventRounds "9"]
[EventCountry "UKR"]
[SourceTitle "EXT 2024"]
[Source "ChessBase"]
[SourceDate "2023.10.10"]
[SourceVersion "1"]
[SourceVersionDate "2023.10.10"]
[SourceQuality "1"]

1. e4 e5 2. Nf3 Nc6 3. Bb5 a6 4. Ba4 Nf6 5. 0-0 b5 6. Bb3 Bc5 7. c3 d6 8. Re1 0-0 9. d4 Bb6 10. h3 Bb7 11. Be3 Re8 12. d5 Ne7 13. Bxb6 cxb6 14. Nbd2 Ng6 15. a4 bxa4 16. Bxa4 b5 17. Bc2 Nd7 18. Bd3 Nf4 19. Bf1 Rf8 20. c4 Qb6 21. cxb5 axb5 22. Qb3 Ba6 23. Rec1 Rfc8 24. Rxc8+ Rxc8 25. Qa3 Nb8 26. Qa5 Qb7 27. Qb4 Qd7 28. Ra5 Rc1 29. Kh2 Qc7 30. Rxa6 Nxa6 31. Qxb5 g6 32. Qxa6 Qc5 33. Qc6 Qxc6 34. dxc6 Rxc6 35. Nc4 f5 36. exf5 gxf5 37. b4 e4 38. Nd4 Rc7 39. Nxd6 Nd3 40. b5 Rd7 41. N4xf5 Nxf2 42. b6 1-0

[Event "Lvov Buturina Memorial 2nd"]
[Site "Lvov"]
[Date "2022.11.19"]
[Round "4"]
[White "Hychkevych, Vitaliy"]
[Black "Tyshnyk, Roman"]
[Result "0-1"]
[WhiteElo "1251"]
[BlackElo "1665"]
[PlyCount "70"]
[EventDate "2022.11.18"]
[EventType "swiss (rapid)"]
[EventRounds "9"]
[EventCountry "UKR"]
[SourceTitle "CBM 212 Extra"]
[Source "ChessBase"]
[SourceDate "2023.03.31"]
[SourceVersion "1"]
[SourceVersionDate "2023.03.31"]
[SourceQuality "1"]

1. d4 Nf6 2. Nf3 g6 3. c4 Bg7 4. Nc3 0-0 5. e4 d6 6. h3 e5 7. d5 Ne8 8. Bd3 f5 9. 0-0 f4 10. b4 a5 11. Ba3 axb4 12. Bxb4 Na6 13. Ba3 b6 14. Nb5 g5 15. Nh2 Nf6 16. Nc3 Qe8 17. Be2 Qg6 18. f3 Nh5 19. Bd3 Bd7 20. Nb5 Ng3 21. Rf2 h5 22. Be2 g4 23. hxg4 hxg4 24. Nxg4 Bxg4 25. fxg4 Qh6 26. Rf1 Qh1+ 27. Kf2 Nxe4+ 28. Kf3 Ng5+ 29. Kf2 Qh4+ 30. Kg1 Ne4 31. Bd3 Ng3 32. Bf5 Rxf5 33. gxf5 e4 34. Kf2 Bxa1 35. Qxa1 Nxf1+ 0-1

[Event "Lvov Buturina Memorial 2nd"]
[Site "Lvov"]
[Date "2022.11.19"]
[Round "6"]
[White "Karvatskyi, Oleksii"]
[Black "Tyshnyk, Roman"]
[Result "1-0"]
[WhiteElo "1995"]
[BlackElo "1665"]
[PlyCount "71"]
[EventDate "2022.11.18"]
[EventType "swiss (rapid)"]
[EventRounds "9"]
[EventCountry "UKR"]
[SourceTitle "CBM 212 Extra"]
[Source "ChessBase"]
[SourceDate "2023.03.31"]
[SourceVersion "1"]
[SourceVersionDate "2023.03.31"]
[SourceQuality "1"]

1. d4 d5 2. Nc3 Nf6 3. Bf4 a6 4. e3 e6 5. Nf3 b5 6. a3 c5 7. Be2 Bb7 8. h3 Nc6 9. 0-0 c4 10. Ne5 Be7 11. Bf3 Qb6 12. Rb1 0-0 13. Ne2 a5 14. b3 cxb3 15. Rxb3 a4 16. Rb1 Rfc8 17. c4 dxc4 18. Nxc4 Qa6 19. Nd6 Bxd6 20. Bxd6 Na5 21. Bxb7 Qxb7 22. Qd3 Nc4 23. Bc5 Qd7 24. Rfd1 h6 25. Nc3 Rab8 26. Nxb5 Na5 27. Nd6 Rxb1 28. Rxb1 Ra8 29. Rb5 Nd5 30. e4 Nc7 31. Rb6 Nb3 32. Qc4 Ra5 33. Bb4 Rg5 34. Rb7 e5 35. Nxf7 Qxf7 36. Rb8+ 1-0

[Event "Lvov Ivanchuk School-ch"]
[Site "Lvov"]
[Date "2017.10.15"]
[Round "9"]
[White "Herasyn, Oleksandr"]
[Black "Tyshnyk, Roman"]
[Result "0-1"]
[WhiteElo "1243"]
[BlackElo "1272"]
[PlyCount "40"]
[EventDate "2017.10.13"]
[EventType "swiss"]
[EventRounds "9"]
[EventCountry "UKR"]
[SourceTitle "CBM 181 Extra"]
[Source "ChessBase"]
[SourceDate "2017.12.12"]
[SourceVersion "1"]
[SourceVersionDate "2017.12.12"]
[SourceQuality "1"]

1. d4 d5 2. c4 e6 3. Nc3 Nf6 4. e3 c6 5. Nf3 Nbd7 6. c5 b6 7. cxb6 Nxb6 8. Ne5 Qc7 9. Na4 Bd6 10. Nxb6 axb6 11. Ng4 Nxg4 12. Qxg4 0-0 13. e4 e5 14. Qh4 exd4 15. exd5 Re8+ 16. Be2 d3 17. dxc6 Rxe2+ 18. Kd1 Qxc6 19. Qd8+ Re8 20. Qxe8+ Qxe8 0-1

[Event "Lvov Ivanchuk School-ch"]
[Site "Lvov"]
[Date "2017.10.14"]
[Round "6"]
[White "Tyshnyk, Roman"]
[Black "Kondratyuk, Viktoriya"]
[Result "0-1"]
[WhiteElo "1272"]
[BlackElo "1349"]
[PlyCount "68"]
[EventDate "2017.10.13"]
[EventType "swiss"]
[EventRounds "9"]
[EventCountry "UKR"]
[SourceTitle "CBM 181 Extra"]
[Source "ChessBase"]
[SourceDate "2017.12.12"]
[SourceVersion "1"]
[SourceVersionDate "2017.12.12"]
[SourceQuality "1"]

1. e4 d5 2. exd5 Nf6 3. Nc3 Nxd5 4. Bc4 Nxc3 5. bxc3 Nc6 6. Qf3 Ne5 7. Qf4 Nxc4 8. Qxc4 Bd7 9. Nf3 e6 10. d4 Bd6 11. Bg5 Qc8 12. Qb3 0-0 13. c4 c5 14. c3 b6 15. 0-0 Bc6 16. d5 Bd7 17. Rad1 Qc7 18. Rfe1 exd5 19. cxd5 Rfe8 20. c4 a6 21. a4 b5 22. axb5 axb5 23. cxb5 Qa5 24. b6 Ba4 25. Rxe8+ Rxe8 26. Qa2 Ra8 27. Rb1 Rb8 28. b7 Qa6 29. g3 Bb5 30. Qxa6 Bxa6 31. Rb6 Rxb7 32. Rxd6 Rb1+ 33. Kg2 Bf1+ 34. Kg1 Bh3+ 0-1